000 00752nam a22002177a 4500
008 081106t xxu||||| |||| 00| 0 eng d
010 _aENG-91530
020 _c145.00
035 _aEN-75063
037 _bDBAD / PUB
040 _adpl
_bEnglish
082 _a005.1
100 _aSundar, D.
245 _aSoftware engineering /
_cby D. Sundar
260 _aSivakasi
_bVelsen Art Crafts
_c2008
270 _a2/2691 Sasi Nagar,
_bSivakasi
_e626123
300 _avi, 105p.
_c30cm (pbk)
650 _aSoftware engineering
942 _2ddc
_cEN
_mSUN
_h005.1
999 _c18078
_d18078